| 000 | 00743nam a22002057a 4500 | ||
|---|---|---|---|
| 005 | 20100723121926.0 | ||
| 010 | _aENG-96727 | ||
| 020 |
_a9788183333641 _c297.00 |
||
| 035 | _aEN-80260 | ||
| 037 | _bDBAD/PUB | ||
| 082 | _a005.369 | ||
| 100 | _aShrock, Cheril R | ||
| 245 |
_aBeginning Auto CAD 2011: _bExercise workbook / _cby Cheril R. Shrock |
||
| 260 |
_aNew Delhi _bBPB Publications _c2010 |
||
| 270 |
_aB-14, Connaught Place _bNew Delhi _e110001 |
||
| 300 |
_ax, various Pagings _bIll _c24cm (Pbk) _e1 CD-ROM |
||
| 500 | _aIncludes index | ||
| 942 |
_2ddc _cEN _h005.369 _mSHR |
||
| 999 |
_c37370 _d37370 |
||